| 000 | 00893nas a2200253 4500 | ||
|---|---|---|---|
| 001 | BR8000946 | ||
| 003 | BR-BrBNA | ||
| 005 | 20231205084145.0 | ||
| 007 | ta | ||
| 008 | 230509b bl.|||p| |||| 00| 00por d | ||
| 040 |
_aBR-BrBNA _bpor _cBiblioteca Nacional de Agricultura |
||
| 041 | _a(Pt) | ||
| 072 | _aF00 | ||
| 100 | 1 | _aSilva, A.V. da | |
| 100 | 1 | _aChishman, M. | |
| 100 | 1 | _aSalin, O. | |
| 245 | 1 | _aEfeito da orientacao, em campo, da parcela experimental [Producao vegetal; Rendimento] | |
| 246 | 1 | _aInfluence of the plot orientation in relation to the contour lines of the ground upon the experimental error estimate [Plant production; Yield] | |
| 650 | _aProducao vegetal | ||
| 650 | _aRendimento | ||
| 773 | 0 |
_tAgronomia Sulriograndense (Brazil) _xISSN 0400-8111 _g(1979), v. 15(2) p. 329-334 _wBR8000946 |
|
| 909 |
_a202311 _bLúcia _c55 _dLúcia Elande |
||
| 942 |
_2AGRIS _n0 _cANA |
||
| 999 |
_c103478 _d103478 |
||